Strength of Materials (Record no. 10673)

MARC details
000 -LEADER
fixed length control field 00369nam a22001697a 4500
003 - CONTROL NUMBER IDENTIFIER
control field OSt
008 - FIXED-LENGTH DATA ELEMENTS--GENERAL INFORMATION
fixed length control field 210614b ||||| |||| 00| 0 eng d
020 ## - INTERNATIONAL STANDARD BOOK NUMBER
International Standard Book Number 9789385965517
082 ## - DEWEY DECIMAL CLASSIFICATION NUMBER
Classification number 620.112 RAS
100 ## - MAIN ENTRY--PERSONAL NAME
Personal name RATTAN,SS
245 ## - TITLE STATEMENT
Title Strength of Materials
250 ## - EDITION STATEMENT
Edition statement 3rd
260 ## - PUBLICATION, DISTRIBUTION, ETC. (IMPRINT)
Place of publication, distribution, etc New Delhi
Name of publisher, distributor, etc TMH
Date of publication, distribution, etc 2017
300 ## - PHYSICAL DESCRIPTION
Extent 803
650 ## - SUBJECT ADDED ENTRY--TOPICAL TERM
Topical term or geographic name as entry element DE
942 ## - ADDED ENTRY ELEMENTS (KOHA)
Source of classification or shelving scheme Dewey Decimal Classification
Koha item type Text Books
650 ## - SUBJECT ADDED ENTRY--TOPICAL TERM
-- 3
Holdings
Withdrawn status Lost status Source of classification or shelving scheme Damaged status Not for loan Collection code Home library Current library Date acquired Source of acquisition Currency Cost, normal purchase price Bill Number Total Checkouts Full call number Acc. no. / Barcode Date last seen Actual Cost, discounted price Bill Date Koha item type
    Dewey Decimal Classification     Diploma in Mechanical PIET C-LIBRARY PIET C-LIBRARY 15/04/2021 Kirti Praskshan IN Rupees 799.00 IN 2058   620.112 RAS DE1398 14/06/2021 551.31 15/04/2021 Text Books
    Dewey Decimal Classification     Diploma in Mechanical PIET C-LIBRARY PIET C-LIBRARY 15/04/2021 Kirti Praskshan IN Rupees 799.00 IN 2058   620.112 RAS DE1399 14/06/2021 551.31 15/04/2021 Text Books
    Dewey Decimal Classification     Diploma in Mechanical PIET C-LIBRARY PIET C-LIBRARY 15/04/2021 Kirti Praskshan IN Rupees 799.00 IN 2058   620.112 RAS DE1400 14/06/2021 551.31 15/04/2021 Text Books

Design & Developed by: PIET Central Library
R70 Miles Stone Pattikalyana Samalkha Panipat 132102
mail ID :- [email protected], Phone No:- 0180-2569700 Ex.216